[Event "France - Open A"]
[Site "Chartres"]
[Date "2019.08.17"]
[Round "1.41"]
[White "Berger Dit Lacroix, Kilian"]
[Black "Saya, Ethan"]
[Result "1-0"]
[WhiteElo "1967"]
[BlackElo "2068"]
[PlyCount "85"]
[EventDate "2019.08.??"]
[EventType "swiss"]
[EventRounds "9"]
[EventCountry "FRA"]
[WhiteTeam "Echecs Club de Corbas"]
[BlackTeam "Echiquier Grenoblois"]

1. e4 e5 2. Nf3 Nc6 3. d4 exd4 4. Nxd4 Bc5 5. Be3 Qf6 6. c3 Nge7 7. g3 d5 8.
Bg2 dxe4 9. Nd2 Bxd4 10. cxd4 Bf5 11. Nxe4 Qg6 12. Nc3 O-O 13. O-O Rfd8 14. Qb3
Rab8 15. d5 Ne5 16. Bxa7 Ra8 17. Qxb7 Nd3 18. Kh1 Nxb2 19. Qxb2 Rxa7 20. Qd2
Ra3 21. Rfe1 Rd7 22. Qb2 Ra8 23. d6 Re8 24. Rxe7 Rdxe7 25. dxe7 Qe6 26. Qe2 Qf6
27. Rc1 Rxe7 28. Qf3 Re8 29. g4 Qh6 30. Rg1 Be6 31. Qc6 Rd8 32. Qxc7 Rc8 33.
Qg3 Qd2 34. Rd1 Qb2 35. Nd5 Rc1 36. Qd3 g6 37. h3 Rxd1+ 38. Qxd1 Qxa2 39. Nf6+
Kg7 40. Qd4 Qb1+ 41. Kh2 Qb8+ 42. f4 Qb1 43. Nh5+ 1-0

[Event "France - Open A"]
[Site "Chartres"]
[Date "2019.08.17"]
[Round "1.42"]
[White "Schweitzer, Olaf"]
[Black "Robert, Yoann"]
[Result "0-1"]
[WhiteElo "2065"]
[BlackElo "1966"]
[PlyCount "50"]
[EventDate "2019.08.??"]
[EventType "swiss"]
[EventRounds "9"]
[EventCountry "FRA"]
[WhiteTeam "Championnat de France 2019"]
[BlackTeam "Club d'Echecs de Sautron"]

1. e4 c5 2. Nf3 Nf6 3. Nc3 Nc6 4. d4 cxd4 5. Nxd4 e5 6. Ndb5 h6 7. Nd5 Nxd5 8.
exd5 a6 9. Nc3 Ne7 10. Bd3 d6 11. g4 b5 12. a3 Bb7 13. Qf3 g6 14. h4 h5 15. Bg5
hxg4 16. Qxg4 Qa5 17. O-O-O f5 18. Qg2 Bh6 19. Be2 Rc8 20. Kb1 Bxg5 21. Qxg5
Kd7 22. Rh3 Qb6 23. Qf6 Rcf8 24. Qe6+ Kd8 25. Ne4 fxe4 0-1

[Event "France - Open A"]
[Site "Chartres"]
[Date "2019.08.17"]
[Round "1.43"]
[White "Delboe, Charles"]
[Black "Bergougnoux, Axel"]
[Result "1/2-1/2"]
[WhiteElo "1965"]
[BlackElo "2064"]
[PlyCount "46"]
[EventDate "2019.08.??"]
[EventType "swiss"]
[EventRounds "9"]
[EventCountry "FRA"]
[WhiteTeam "C.E. Neuville-en-Ferrain"]
[BlackTeam "Cannes Echecs"]

1. d4 Nf6 2. Nc3 d5 3. Bf4 Bf5 4. f3 e6 5. g4 Bg6 6. h4 h5 7. g5 Nfd7 8. e3 a6
9. Bd3 Bxd3 10. Qxd3 c5 11. g6 f6 12. Nge2 Nc6 13. Bg3 Qb6 14. Nf4 Nb4 15. Qd2
Bd6 16. a3 Bxf4 17. Bxf4 Nc6 18. O-O-O cxd4 19. exd4 Na5 20. Qe1 Qc6 21. Na2
Qb6 22. Nc3 Qc6 23. Na2 Qb6 1/2-1/2

[Event "France - Open A"]
[Site "Chartres"]
[Date "2019.08.17"]
[Round "1.44"]
[White "Labandibar, Benoit"]
[Black "Hernandez, Lara"]
[Result "1-0"]
[WhiteElo "2059"]
[BlackElo "1965"]
[PlyCount "67"]
[EventDate "2019.08.??"]
[EventType "swiss"]
[EventRounds "9"]
[EventCountry "FRA"]
[WhiteTeam "MJC Chécy"]
[BlackTeam "Echiquier Agenais"]

1. d4 d5 2. Bf4 e6 3. e3 Nf6 4. Nd2 Bd6 5. Bg3 O-O 6. Bd3 c5 7. c3 Qc7 8. Bxd6
Qxd6 9. f4 b6 10. Nh3 cxd4 11. exd4 Bb7 12. Qe2 Nc6 13. O-O Ne7 14. Rae1 Qc7
15. Ng5 Rae8 16. Qe3 Nf5 17. Qh3 h6 18. Re5 hxg5 19. fxg5 Ne4 20. g4 Nfd6 21.
Qh4 Qe7 22. Rf3 f5 23. Nxe4 fxe4 24. Rh3 Rd8 25. Qh5 Rf3 26. Rxf3 Qe8 27. g6
exf3 28. Qh7+ Kf8 29. Qh8+ Ke7 30. Qxg7+ Nf7 31. g5 Bc8 32. Qf6+ Kd7 33. gxf7
Qe7 34. Rxd5+ 1-0

[Event "France - Open A"]
[Site "Chartres"]
[Date "2019.08.17"]
[Round "1.45"]
[White "Rasolo, Loick"]
[Black "Eche, Sylvain"]
[Result "1/2-1/2"]
[WhiteElo "1965"]
[BlackElo "2058"]
[PlyCount "69"]
[EventDate "2019.08.??"]
[EventType "swiss"]
[EventRounds "9"]
[EventCountry "FRA"]
[WhiteTeam "Marseille Passion Echecs"]
[BlackTeam "C'Chartres Echecs"]

1. d4 Nf6 2. c4 g6 3. Nc3 d5 4. cxd5 Nxd5 5. e4 Nxc3 6. bxc3 Bg7 7. Be3 c5 8.
Bc4 Qa5 9. Ne2 cxd4 10. Bxd4 O-O 11. Bxg7 Kxg7 12. O-O Nc6 13. Bd5 Qc5 14. Bxc6
Qxc6 15. Qd5 Qc7 16. Rfd1 Bg4 17. f3 Be6 18. Qd4+ Kg8 19. Qe3 Bc4 20. Nf4 Rfd8
21. Nd5 Bxd5 22. exd5 b6 23. Rd4 Rac8 24. c4 Qc5 25. Rad1 b5 26. Kf1 Kg7 27.
cxb5 Rxd5 28. Qd3 Rh5 29. Rd5 Rxd5 30. Qxd5 Qc2 31. Rd2 Qb1+ 32. Kf2 Rc1 33.
Qe5+ Kh6 34. Qe3+ Kg7 35. Qe5+ 1/2-1/2

[Event "France - Open A"]
[Site "Chartres"]
[Date "2019.08.17"]
[Round "1.46"]
[White "Dube, Dimitri"]
[Black "Bourges, Jerome"]
[Result "1-0"]
[WhiteElo "2056"]
[BlackElo "1962"]
[PlyCount "109"]
[EventDate "2019.08.??"]
[EventType "swiss"]
[EventRounds "9"]
[EventCountry "FRA"]
[WhiteTeam "Echiquier Tourangeau"]
[BlackTeam "USAM Echiquier Brestois"]

1. c3 e6 2. g3 f5 3. Bg2 Nf6 4. Nf3 Be7 5. O-O O-O 6. d3 Nc6 7. Nbd2 e5 8. b4
a6 9. Bb2 Qe8 10. a4 d6 11. e4 f4 12. b5 Nd8 13. c4 Qh5 14. Re1 fxg3 15. hxg3
Ng4 16. Re2 Ne6 17. Nf1 Bd7 18. Ne3 Nxe3 19. Rxe3 Qf7 20. Qc2 Qg6 21. d4 exd4
22. Nxd4 Nxd4 23. Bxd4 Bf6 24. Qc3 Bxd4 25. Qxd4 axb5 26. axb5 Rxa1+ 27. Qxa1
b6 28. e5 Qc2 29. Bd5+ Kh8 30. Qe1 dxe5 31. Rxe5 Qg6 32. Qb4 Qf6 33. f4 h6 34.
Qe1 Qd6 35. Qe3 Qg6 36. Re7 Qb1+ 37. Kf2 Qc2+ 38. Qe2 Qxe2+ 39. Kxe2 Re8 40.
Rxe8+ Bxe8 41. Ke3 g6 42. Ke4 Kg7 43. Ke5 h5 44. Ke6 Kf8 45. Kf6 Bd7 46. Kxg6
Bg4 47. Kf6 Be2 48. f5 Bd1 49. Ke6 Ke8 50. Bc6+ Kf8 51. Kd7 Bb3 52. Bd5 c5 53.
Be6 Bc2 54. f6 Be4 55. Kc7 1-0

[Event "France - Open A"]
[Site "Chartres"]
[Date "2019.08.17"]
[Round "1.47"]
[White "Guillerm, Mischa"]
[Black "Llapasset, Jean-Louis"]
[Result "0-1"]
[WhiteElo "1960"]
[BlackElo "2050"]
[PlyCount "128"]
[EventDate "2019.08.??"]
[EventType "swiss"]
[EventRounds "9"]
[EventCountry "FRA"]
[WhiteTeam "U.S. Orléans.Echecs"]
[BlackTeam "Echiquier Diabolique de Canohes"]

1. e4 c5 2. Nf3 d6 3. d4 cxd4 4. Nxd4 Nf6 5. Nc3 a6 6. Be3 e5 7. Nb3 Be7 8. f3
Be6 9. Qd2 h5 10. Be2 Nbd7 11. O-O Qc7 12. Kh1 Nb6 13. f4 Nc4 14. Bxc4 Bxc4 15.
Rf3 b5 16. Nd5 Bxd5 17. exd5 a5 18. Rd1 a4 19. fxe5 Ne4 20. Qd3 axb3 21. Qxb5+
Qd7 22. Qxb3 dxe5 23. d6 Nxd6 24. Qd5 Rd8 25. Qxe5 Nc4 26. Rxd7 Nxe5 27. Rxd8+
Bxd8 28. Rf1 Bf6 29. Bd4 Ke7 30. b3 Rd8 31. c3 Ng4 32. Bc5+ Ke6 33. h3 Nh6 34.
c4 Rd3 35. Re1+ Kd7 36. Rf1 Be5 37. Rb1 Nf5 38. Kg1 Ng3 39. a4 Ne2+ 40. Kf2 Nc3
41. Rf1 Ne4+ 42. Ke2 Rxb3 43. Rd1+ Ke6 44. Bd4 Bxd4 45. Rxd4 Nc3+ 46. Kf2 Nxa4
47. Rd5 Nb2 48. Rxh5 Nxc4 49. Rc5 Ne5 50. Ra5 Rb2+ 51. Kg3 g5 52. Ra6+ Kf5 53.
Ra4 Ng6 54. Ra5+ Kf6 55. Ra6+ Kg7 56. Ra5 Kh6 57. Ra6 Kh5 58. Ra7 Nf4 59. Rxf7
Rxg2+ 60. Kf3 Rh2 61. Rh7+ Kg6 62. Rh8 Rxh3+ 63. Rxh3 Nxh3 64. Kg4 Nf4 0-1

[Event "France - Open A"]
[Site "Chartres"]
[Date "2019.08.17"]
[Round "1.48"]
[White "Poulet, Benoit"]
[Black "Azymah, Remy"]
[Result "1/2-1/2"]
[WhiteElo "2048"]
[BlackElo "1957"]
[PlyCount "100"]
[EventDate "2019.08.??"]
[EventType "swiss"]
[EventRounds "9"]
[EventCountry "FRA"]
[WhiteTeam "Echiquier des Lions - Lyon Oullins"]
[BlackTeam "Evry Grand Roque"]

1. d4 Nf6 2. Nf3 g6 3. Nbd2 d5 4. e3 Bg7 5. b4 O-O 6. c4 b6 7. Bb2 dxc4 8. Bxc4
Bb7 9. Qb3 Bd5 10. Rc1 e6 11. Bxd5 Nxd5 12. e4 Nf4 13. g3 Nh3 14. Qc4 c5 15.
bxc5 bxc5 16. Qxc5 Na6 17. Qc4 Qb6 18. Ba3 Rfd8 19. Nb3 Bh6 20. Rc2 Bf8 21.
Bxf8 Rxf8 22. Qf1 Nb4 23. Rc5 a5 24. Qxh3 Nd3+ 25. Kf1 Nxc5 26. Nxc5 Qb1+ 27.
Kg2 Qxa2 28. Nd7 Rfd8 29. Nf6+ Kg7 30. Ng4 h5 31. Nge5 Rac8 32. Qh4 f6 33. Nxg6
Kxg6 34. e5 Rf8 35. g4 hxg4 36. Qxg4+ Kf7 37. Qh5+ Ke7 38. Qh7+ Rf7 39. exf6+
Kxf6 40. Qh4+ Kg7 41. Rg1 Qd5 42. Kh3+ Kf8 43. Ne5 Rc3+ 44. Rg3 Rxg3+ 45. fxg3
Rf2 46. Qh7 Ke8 47. Qg8+ Ke7 48. Qg5+ Ke8 49. Qg8+ Ke7 50. Qg5+ Ke8 1/2-1/2

[Event "France - Open A"]
[Site "Chartres"]
[Date "2019.08.17"]
[Round "1.49"]
[White "Radoman, Emmanuel"]
[Black "Frantz, Nicolas"]
[Result "1/2-1/2"]
[WhiteElo "1956"]
[BlackElo "2045"]
[PlyCount "131"]
[EventDate "2019.08.??"]
[EventType "swiss"]
[EventRounds "9"]
[EventCountry "FRA"]
[WhiteTeam "Nice Alekhine"]
[BlackTeam "Vandoeuvre-Echecs"]

1. e4 c5 2. a3 g6 3. Nc3 Bg7 4. Bc4 Nc6 5. d3 e6 6. Ba2 Nge7 7. Rb1 d5 8. exd5
exd5 9. Nge2 O-O 10. O-O a6 11. Nf4 Be6 12. Re1 Qd6 13. Nce2 b5 14. c3 Rad8 15.
Nxe6 fxe6 16. Be3 Kh8 17. d4 cxd4 18. Nxd4 Nxd4 19. Bxd4 e5 20. Be3 Nc6 21. Qd2
d4 22. cxd4 exd4 23. Bg5 Rde8 24. Rxe8 Rxe8 25. Re1 Rxe1+ 26. Qxe1 Qe5 27. Kf1
h6 28. Bc1 Kh7 29. Qxe5 Nxe5 30. Bb1 d3 31. b3 g5 32. Ke1 Kg8 33. h3 Kf7 34.
Kd2 Ke6 35. Bxd3 Nxd3 36. Kxd3 Kd5 37. Bd2 Bf8 38. a4 Bc5 39. f4 gxf4 40. Bxf4
bxa4 41. bxa4 h5 42. g4 hxg4 43. hxg4 Be7 44. Bb8 Bg5 45. Kc3 Be7 46. Bf4 Ke4
47. Bd2 Kd5 48. Kd3 Bd8 49. Ke3 Bg5+ 50. Ke2 Be7 51. Kf3 Ke5 52. Bc3+ Ke6 53.
Ke4 Bd8 54. Bb4 Bf6 55. Bc5 Bd8 56. Kd4 Kf6 57. Kd5 Kg5 58. Kc6 Kxg4 59. Bb6
Bh4 60. Kb7 Kf5 61. Kxa6 Ke6 62. Ba5 Kd7 63. Kb7 Bg5 64. Bb4 Bd8 65. Bc5 Ba5
66. Bb6 1/2-1/2

[Event "France - Open A"]
[Site "Chartres"]
[Date "2019.08.17"]
[Round "1.50"]
[White "Ribiere, Damien"]
[Black "Muller, Matthieu"]
[Result "1-0"]
[WhiteElo "2042"]
[BlackElo "1953"]
[PlyCount "81"]
[EventDate "2019.08.??"]
[EventType "swiss"]
[EventRounds "9"]
[EventCountry "FRA"]
[WhiteTeam "Club d'Echecs de Guyancourt"]
[BlackTeam "Mulhouse Philidor"]

1. e4 c5 2. a3 Nc6 3. b4 e5 4. b5 Nd4 5. Nf3 d5 6. c3 Nxf3+ 7. Qxf3 Nf6 8. exd5
Bg4 9. Qe3 Qxd5 10. c4 Qd4 11. Nc3 Rd8 12. Bb2 Qxe3+ 13. dxe3 Bd6 14. f3 Be6
15. g4 h6 16. Rd1 O-O 17. e4 Bc7 18. Nd5 Ba5+ 19. Kf2 Nd7 20. h4 f6 21. Be2 Nb6
22. g5 Bxd5 23. exd5 Na4 24. Bc1 Nc3 25. Rdg1 fxg5 26. hxg5 hxg5 27. Bxg5 Ne4+
28. Ke3 Nxg5 29. Rxg5 Bc3 30. Bd3 Rf6 31. Bf5 Bb2 32. Be6+ Rxe6 33. dxe6 Re8
34. Rg6 Bxa3 35. Ra1 Kh7 36. Rg2 Bb4 37. Rxa7 Re7 38. Ke4 Rxe6 39. Rxb7 Bc3 40.
Rbxg7+ Kh8 41. R7g6 1-0

[Event "France - Open A"]
[Site "Chartres"]
[Date "2019.08.17"]
[Round "1.51"]
[White "Gueriche, Guillaume"]
[Black "Gourbiere, Yohan"]
[Result "0-1"]
[WhiteElo "1950"]
[BlackElo "2040"]
[PlyCount "72"]
[EventDate "2019.08.??"]
[EventType "swiss"]
[EventRounds "9"]
[EventCountry "FRA"]
[WhiteTeam "Lyon Olympique Echecs"]
[BlackTeam "Echecs Club Montpellier"]

1. b3 d5 2. Bb2 c5 3. e3 a6 4. Nf3 Nc6 5. d4 Nf6 6. Be2 e6 7. O-O Bd6 8. c4
dxc4 9. bxc4 Qe7 10. Nc3 O-O 11. Na4 e5 12. d5 Na7 13. Nb6 Rb8 14. Nxc8 Nxc8
15. a4 b6 16. Nd2 Bc7 17. Qc2 Nd6 18. Rfc1 Nd7 19. e4 Qe8 20. Bg4 Nf6 21. Bh3
Nh5 22. g3 g6 23. Qc3 f6 24. Be6+ Kh8 25. Rf1 Ng7 26. Bh3 Nf7 27. Kh1 Bd6 28.
Rfe1 Ng5 29. Bg2 Qd7 30. f4 Nf7 31. Nf3 Rbe8 32. h4 Nh5 33. Kh2 Qg4 34. Ng1
exf4 35. gxf4 Bxf4+ 36. Kh1 Ng3+ 0-1

[Event "France - Open A"]
[Site "Chartres"]
[Date "2019.08.17"]
[Round "1.52"]
[White "Galloux, Maxime"]
[Black "Prevot, Rodolphe"]
[Result "1-0"]
[WhiteElo "2039"]
[BlackElo "1933"]
[PlyCount "67"]
[EventDate "2019.08.??"]
[EventType "swiss"]
[EventRounds "9"]
[EventCountry "FRA"]
[WhiteTeam "Tour Blanche Echecs"]
[BlackTeam "A.A.J. Blois"]

1. e4 c5 2. Nf3 g6 3. d4 cxd4 4. Nxd4 Bg7 5. Nc3 Nc6 6. Be3 Nf6 7. Bc4 Qa5 8.
O-O O-O 9. Nb3 Qc7 10. Bg5 Na5 11. Be2 Nxb3 12. axb3 Qe5 13. f4 Qc5+ 14. Kh1 d6
15. Bf3 Be6 16. Bh4 a6 17. Bf2 Qc7 18. g4 h6 19. Qe2 Rfd8 20. Na4 d5 21. e5 Nd7
22. Rad1 b5 23. Nc3 Rac8 24. Rd2 Nb6 25. Bxb6 Qxb6 26. Nxd5 Bxd5 27. Rxd5 Rxd5
28. Bxd5 Qc5 29. Be4 g5 30. fxg5 hxg5 31. Qf3 Qxe5 32. Qxf7+ Kh8 33. Qh5+ Kg8
34. Qh7# 1-0

[Event "France - Open A"]
[Site "Chartres"]
[Date "2019.08.18"]
[Round "2.7"]
[White "Guignier, Nicolas"]
[Black "Kantzer, Romain"]
[Result "1-0"]
[WhiteElo "2151"]
[BlackElo "2034"]
[PlyCount "105"]
[EventDate "2019.08.??"]
[EventType "swiss"]
[EventRounds "9"]
[EventCountry "FRA"]
[WhiteTeam "Dijon Echiquier des Ducs"]
[BlackTeam "Bischwiller"]

1. e4 c5 2. d4 cxd4 3. Qxd4 Nc6 4. Qd3 d6 5. Nc3 Nf6 6. Bg5 Qa5 7. f4 Bd7 8.
Qb5 Qc7 9. Bxf6 gxf6 10. Qh5 e6 11. O-O-O Rc8 12. f5 Ne5 13. fxe6 Bxe6 14. Nge2
Be7 15. Nd4 O-O 16. Nd5 Bxd5 17. exd5 Rfe8 18. Bb5 Red8 19. Rd3 Bf8 20. Rh3 h6
21. Rc3 Qb6 22. Rg3+ Ng6 23. Ne6 Qxb5 24. Rxg6+ fxg6 25. Qxg6+ Kh8 26. Qxf6+
Kg8 27. Qg6+ Kh8 28. Nxd8 Bg7 29. Nf7+ Kg8 30. Nxh6+ Kh8 31. Nf7+ Kg8 32. Ne5
Rf8 33. Qe6+ Kh7 34. Qg6+ Kh8 35. c4 Qb6 36. Nd3 Qe3+ 37. Kb1 Qe2 38. Re1 Rf1
39. Rxf1 Qxf1+ 40. Kc2 Qe2+ 41. Kb3 Qd1+ 42. Ka3 Qc2 43. Ne5 Qe2 44. Nf7+ Kg8
45. b3 Qb2+ 46. Kb4 Qd4 47. Nh6+ Kh8 48. Qe8+ Kh7 49. Nf5 a5+ 50. Ka4 Qc5 51.
a3 Bb2 52. Qd7+ Kh8 53. Qxd6 1-0

[Event "France - Open A"]
[Site "Chartres"]
[Date "2019.08.18"]
[Round "2.8"]
[White "Bordais, Benjamin"]
[Black "Grandy, Aurelien"]
[Result "1/2-1/2"]
[WhiteElo "2137"]
[BlackElo "2032"]
[PlyCount "128"]
[EventDate "2019.08.??"]
[EventType "swiss"]
[EventRounds "9"]
[EventCountry "FRA"]
[WhiteTeam "A.C.L. Orbec Echecs"]
[BlackTeam "Avinkha Club d'Echecs"]

1. e4 e5 2. Nf3 Nc6 3. Bc4 Nf6 4. d3 Be7 5. Nbd2 d6 6. h3 Na5 7. O-O O-O 8. Re1
c6 9. Bb3 Nxb3 10. axb3 Ne8 11. d4 exd4 12. Nxd4 Bf6 13. Nc4 d5 14. exd5 Nc7
15. d6 Nd5 16. c3 Qd7 17. Be3 b6 18. b4 Bb7 19. Qd3 g6 20. Nf3 Rfe8 21. Bg5
Bxg5 22. Nxg5 Nf4 23. Qc2 c5 24. Ne5 Rxe5 25. Rxe5 Qxd6 26. Rae1 Nd3 27. Re8+
Kg7 28. R1e7 Rxe8 29. Rxe8 Qc6 30. Re4 Qd5 31. h4 h6 32. c4 Qd7 33. Re3 Nf4 34.
Ne4 cxb4 35. Qd2 Qxd2 36. Nxd2 Kf8 37. f3 Ne6 38. h5 Ke7 39. hxg6 fxg6 40. Ne4
Bxe4 41. Rxe4 Kd6 42. Kf1 a5 43. Ke2 g5 44. Kd2 a4 45. Re1 h5 46. Ra1 Nc5 47.
Ke3 h4 48. Rd1+ Ke7 49. Kd4 Kd6 50. Ke3+ Ke7 51. f4 gxf4+ 52. Kxf4 Nb3 53. Rd3
Nc1 54. Re3+ Kd7 55. Ke4 a3 56. bxa3 b3 57. Rd3+ Kc6 58. Rd2 Kc5 59. Kf4 Kxc4
60. Kg4 Kc3 61. Rd6 b2 62. Rc6+ Kb3 63. Rxb6+ Kxa3 64. Rxb2 Kxb2 1/2-1/2

[Event "France - Open A"]
[Site "Chartres"]
[Date "2019.08.18"]
[Round "2.9"]
[White "Deveque, Guillaume"]
[Black "Haie, Arnaud"]
[Result "1-0"]
[WhiteElo "2016"]
[BlackElo "2130"]
[PlyCount "99"]
[EventDate "2019.08.??"]
[EventType "swiss"]
[EventRounds "9"]
[EventCountry "FRA"]
[WhiteTeam "Lille Université Club Echiquier du Nord"]
[BlackTeam "Cavalier de l'Espérance Cercle J.J. Paur"]

1. e4 c5 2. Nc3 Nc6 3. g3 g6 4. Bg2 Bg7 5. f4 d6 6. Nf3 e6 7. O-O Nge7 8. Ne2
b6 9. d4 Bb7 10. Be3 Qc7 11. c3 Rd8 12. Qb3 Na5 13. Qb5+ Bc6 14. Qd3 b5 15. b3
a6 16. Qc2 Nb7 17. Rad1 O-O 18. Nh4 f5 19. d5 exd5 20. exd5 Be8 21. Nf3 h6 22.
Nd2 Bf7 23. c4 Rde8 24. Qd3 Qa5 25. cxb5 axb5 26. a4 c4 27. bxc4 bxa4 28. Qa3
Kh7 29. Rb1 Nc5 30. Nb3 Nxb3 31. Rxb3 Qc7 32. Rb4 Nc8 33. Rf3 Re7 34. Nd4 Rfe8
35. Nb5 Rxe3 36. Nxc7 Rxa3 37. Rxa3 Bd4+ 38. Kf1 Re7 39. Na6 Be8 40. Rb8 Bd7
41. Rd3 Bf6 42. c5 dxc5 43. d6 Nxd6 44. Rxd6 a3 45. Bd5 Bc3 46. Nxc5 Be8 47.
Re6 Rc7 48. Rbxe8 Rxc5 49. R6e7+ Bg7 50. Bg8+ 1-0

[Event "France - Open A"]
[Site "Chartres"]
[Date "2019.08.18"]
[Round "2.10"]
[White "Bleuzen, Erwan"]
[Black "Droin, Augustin"]
[Result "1-0"]
[WhiteElo "2013"]
[BlackElo "2128"]
[PlyCount "67"]
[EventDate "2019.08.??"]
[EventType "swiss"]
[EventRounds "9"]
[EventCountry "FRA"]
[WhiteTeam "Echiquier Gouesnousien"]
[BlackTeam "Nomad' Echecs"]

1. d4 d5 2. c4 c6 3. Nc3 Nf6 4. Nf3 e6 5. cxd5 exd5 6. Bg5 Bf5 7. e3 Be7 8. Bd3
Bxd3 9. Qxd3 h6 10. Bh4 Ne4 11. Nxe4 Bxh4 12. Nxh4 O-O 13. Nf3 dxe4 14. Qxe4
Qa5+ 15. Nd2 Na6 16. Qd3 Nb4 17. Qc4 b5 18. Qc3 c5 19. a3 Qa4 20. b3 Qa6 21.
axb4 cxb4 22. Rxa6 bxc3 23. Ne4 b4 24. Ke2 f5 25. Nc5 Rf7 26. Rha1 f4 27. Nd3
fxe3 28. fxe3 Rb7 29. R6a4 Kh7 30. Rxb4 Rxb4 31. Nxb4 Rb8 32. Nc2 Rxb3 33. Rxa7
h5 34. Ra3 1-0

[Event "France - Open A"]
[Site "Chartres"]
[Date "2019.08.18"]
[Round "2.11"]
[White "Veron, Cyprien"]
[Black "Trouve, Guillaume"]
[Result "1-0"]
[WhiteElo "2012"]
[BlackElo "2114"]
[PlyCount "101"]
[EventDate "2019.08.??"]
[EventType "swiss"]
[EventRounds "9"]
[EventCountry "FRA"]
[WhiteTeam "Saint Hilaire Petitville"]
[BlackTeam "Mulhouse Philidor"]

1. Nf3 Nf6 2. c4 e6 3. g3 a6 4. Bg2 d5 5. O-O d4 6. b4 c5 7. Bb2 Nc6 8. bxc5
Bxc5 9. d3 O-O 10. Nbd2 e5 11. Ng5 Re8 12. Nge4 Nxe4 13. Nxe4 Bf8 14. f4 exf4
15. Rxf4 f5 16. Nd2 Bd6 17. Bd5+ Kh8 18. Rf2 Be5 19. Nb3 a5 20. a3 a4 21. Nd2
Ra6 22. Rb1 Bf6 23. Bc1 Qd6 24. Rb5 g5 25. Nf3 h6 26. Rg2 Be6 27. Bxe6 Qxe6 28.
Rxb7 Na5 29. Rb5 Nb3 30. h4 g4 31. Ne1 Be5 32. Nc2 Qd6 33. Nb4 Ra7 34. Rd5 Qf6
35. Rb5 Re6 36. Nd5 Qf8 37. Kh2 Rf7 38. Rf2 Qd8 39. Kg2 Kh7 40. Bf4 Qf8 41.
Bxe5 Rxe5 42. Nf6+ Rxf6 43. Rxe5 f4 44. Rxf4 Rxf4 45. gxf4 Qxa3 46. e3 Qb2+ 47.
Kg3 Nd2 48. exd4 a3 49. Qe2 Nf1+ 50. Qxf1 a2 51. Qe1 1-0

[Event "France - Open A"]
[Site "Chartres"]
[Date "2019.08.18"]
[Round "2.12"]
[White "Baroyan, Davit"]
[Black "Spitz, Patrick"]
[Result "1/2-1/2"]
[WhiteElo "2094"]
[BlackElo "2008"]
[PlyCount "120"]
[EventDate "2019.08.??"]
[EventType "swiss"]
[EventRounds "9"]
[EventCountry "FRA"]
[WhiteTeam "Marseille-Echecs"]
[BlackTeam "Cavalier de la Tourelle Saint-Mande"]

1. e4 c5 2. Nf3 e6 3. d4 cxd4 4. Nxd4 Nc6 5. Nc3 Qc7 6. Be2 a6 7. O-O Nf6 8.
Be3 Bb4 9. f3 O-O 10. Kh1 Rd8 11. Bg5 Be7 12. f4 d6 13. Nxc6 Qxc6 14. Bf3 Qc7
15. Qe1 Ne8 16. Bxe7 Qxe7 17. Na4 Qc7 18. Qf2 b5 19. e5 d5 20. Nc5 b4 21. a3
Rb8 22. axb4 Rxb4 23. Nd3 Rc4 24. Bd1 a5 25. c3 Ba6 26. f5 exf5 27. Qxf5 Re4
28. Bc2 g6 29. Qf3 Rd7 30. b4 Bxd3 31. Bxd3 Rxe5 32. Bb5 Rde7 33. Bxe8 Rxe8 34.
bxa5 Rf5 35. Qd3 Rxf1+ 36. Qxf1 Qxc3 37. a6 Ra8 38. h3 Kg7 39. a7 Qc7 40. Qa6
d4 41. Qd3 Qd7 42. Rd1 Rxa7 43. Qxd4+ Qxd4 44. Rxd4 Kf6 45. Rh4 h5 46. Rf4+ Ke5
47. Rb4 Rd7 48. Rb5+ Rd5 49. Rb7 f6 50. Kh2 h4 51. Rh7 g5 52. Re7+ Kf5 53. Re2
Rd4 54. Rf2+ Rf4 55. Ra2 Ke4 56. Ra4+ Ke3 57. Ra3+ Kd2 58. Ra2+ Kc3 59. Ra3+
Kb4 60. Ra6 Kc5 1/2-1/2

[Event "France - Open A"]
[Site "Chartres"]
[Date "2019.08.18"]
[Round "2.13"]
[White "Haberthur, Maxime"]
[Black "Amoyal, Pierre"]
[Result "0-1"]
[WhiteElo "1985"]
[BlackElo "2093"]
[PlyCount "80"]
[EventDate "2019.08.??"]
[EventType "swiss"]
[EventRounds "9"]
[EventCountry "FRA"]
[WhiteTeam "Echiquier Clermontois Arverne - ECA"]
[BlackTeam "Agneaux Saint-Lô"]

1. e4 c5 2. Nc3 g6 3. g3 Bg7 4. Bg2 Nc6 5. d3 Nf6 6. Be3 d6 7. h3 O-O 8. Qd2
Nd4 9. Nce2 Nd7 10. c3 Nxe2 11. Nxe2 b5 12. O-O Bb7 13. Bh6 a5 14. Bxg7 Kxg7
15. d4 Qb6 16. h4 b4 17. h5 Nf6 18. e5 Ng8 19. hxg6 hxg6 20. Qg5 f6 21. exf6+
exf6 22. Qg4 Nh6 23. Qe6 Bxg2 24. Kxg2 Qb7+ 25. f3 Rae8 26. Qc4 Ng4 27. Kg1 Ne3
28. Qd3 c4 29. Qd2 Nxf1 30. Rxf1 Qe7 31. Nf4 Qe3+ 32. Qxe3 Rxe3 33. cxb4 axb4
34. Kf2 Rfe8 35. g4 g5 36. Nh5+ Kg6 37. Ng3 Rd3 38. Nf5 Rd2+ 39. Kg3 Ree2 40.
f4 Rd3+ 0-1

[Event "France - Open A"]
[Site "Chartres"]
[Date "2019.08.18"]
[Round "2.14"]
[White "L'Huillier, Thibaud"]
[Black "Van Den Brande, Norman"]
[Result "1-0"]
[WhiteElo "2093"]
[BlackElo "1994"]
[PlyCount "61"]
[EventDate "2019.08.??"]
[EventType "swiss"]
[EventRounds "9"]
[EventCountry "FRA"]
[WhiteTeam "Club d'Echecs de Saint-Maur"]
[BlackTeam "Maison des Echecs Toulouse Lardenne"]

1. d4 Nf6 2. c4 c5 3. d5 b5 4. Nf3 bxc4 5. Nc3 e6 6. e4 Ba6 7. Qa4 exd5 8. exd5
Be7 9. Bf4 Qb6 10. O-O-O O-O 11. d6 Bd8 12. Bxc4 Bxc4 13. Qxc4 Nc6 14. Be3 Rb8
15. Rd2 Qb4 16. Qxc5 Bb6 17. Qxb4 Nxb4 18. Bxb6 Rxb6 19. a3 Na6 20. Nd5 Rc6+
21. Kb1 Nxd5 22. Rxd5 Re8 23. b4 f6 24. Rc1 Rec8 25. Rxc6 Rxc6 26. Nd4 Rc4 27.
Kb2 Nb8 28. Kb3 Rc8 29. Rc5 Re8 30. b5 Kf7 31. Rc7 1-0

[Event "France - Open A"]
[Site "Chartres"]
[Date "2019.08.18"]
[Round "2.15"]
[White "Herault, Theotime"]
[Black "Mahieu, Luc"]
[Result "0-1"]
[WhiteElo "1980"]
[BlackElo "2084"]
[PlyCount "102"]
[EventDate "2019.08.??"]
[EventType "swiss"]
[EventRounds "9"]
[EventCountry "FRA"]
[WhiteTeam "Echecs Club de Corbas"]
[BlackTeam "Nomad' Echecs"]

1. d4 Nf6 2. c4 g6 3. Nc3 Bg7 4. e4 d6 5. Nf3 O-O 6. Be2 e5 7. O-O Na6 8. Be3
c6 9. Qc2 Ng4 10. Bg5 Qc7 11. Rfd1 f5 12. dxe5 dxe5 13. h3 Nf6 14. Bxf6 Bxf6
15. Nd2 f4 16. a3 g5 17. b4 Qf7 18. c5 Be6 19. Na4 h5 20. Bc4 Nc7 21. Nb2 g4
22. hxg4 hxg4 23. Nb3 Kg7 24. Qc3 Rh8 25. Bxe6 Nxe6 26. Kf1 Qh5 27. Rd7+ Kg6
28. Qc4 Rae8 29. Ke1 Bg5 30. Kd1 Qh1+ 31. Kc2 Qxg2 32. Nd3 Bf6 33. Rd1 Rh7 34.
Rxh7 Kxh7 35. Rd2 Ng5 36. f3 Qxf3 37. Rh2+ Kg7 38. Nd2 Qg3 39. Rh1 f3 40. b5
Qg2 41. Rf1 g3 42. bxc6 bxc6 43. Ne1 Qh3 44. Nexf3 g2 45. Rf2 Qg3 46. Qe2 g1=Q
47. Nxg1 Qxg1 48. Nf3 Qa1 49. Nxg5 Qa2+ 50. Kc3 Qxa3+ 51. Kc4 Qa6+ 0-1